Yorkshire Trivia - Statistics

General Stats
  • This quiz has been taken 42 times
  • The average score is 16 of 21
Answer Stats
Hint Answer % Correct
Largest cities Leeds
100%
Historic county town York
100%
Sheffield's most famous industrial product Steel
97%
Neighbouring county and old enemy Lancashire
95%
Classic batter dish eaten as part of a Sunday Roast Yorkshire Pudding
95%
Largest cities Sheffield
87%
Largest cities Bradford
84%
This variant of rugby is popular across Yorkshire Rugby {League}
84%
Yorkshire's most famous literary family Brontë
76%
This fictional Carpathian monster first reaches England via the Yorkshire town of Whitby Dracula
76%
Yorkshire is home to the world's oldest team in this sport Football
76%
Warriors who controlled Yorkshire in the 9th and 10th centuries Vikings
76%
Yorkshire's National Parks Yorkshire Dales
74%
Yorkshire's National Parks North York Moors
66%
Nickname of cricket matches against ^ War of the Roses
66%
Largest cities Kingston upon Hull
58%
Last Yorkist King of England Richard III
58%
Historical sub-divisions of Yorkshire Ridings
58%
Industrialist Titus Salt built this model town beside the River Aire Saltaire
50%
Hull-born abolitionist who successfully ended slavery in the British Empire William Wilberforce
50%
Yorkshire once produced 90% of the world's winter supply of this fruit Rhubarb
34%
No matching quizzes found
Score Distribution
Percent of People with Each Score
Percentile by Number Answered
Your Score History
You have not taken this quiz